000 00459cam a22001217a 4500
008 180718b1989 xxu||||| |||| 00| 0 eng d
082 _aA81x54 In2/81/Occ Pap1/1989
100 _aCensus of India 1981
245 _aHousehold literacy, drinking water, electricity and toilet facilities
260 _aNew Delhi
_bDemography Division, Office of the Registrar General, India
_c1989
300 _a51p.
440 _aCensus of India 1981. Occasional paper no. 1 of 1989
999 _c486302
_d486302